[Event "AUT-ch U10"]
[Site "St Veit"]
[Date "2023.05.29"]
[Round "7"]
[White "Altenbuchner, Johannes"]
[Black "Loibl, Louis"]
[Result "1-0"]
[WhiteElo "888"]
[BlackElo "944"]
[PlyCount "85"]
[EventDate "2023.05.27"]
[EventType "swiss"]
[EventRounds "7"]
[EventCountry "AUT"]
[SourceTitle "CBM 214 Extra"]
[Source "ChessBase"]
[SourceDate "2023.07.31"]
[SourceVersion "1"]
[SourceVersionDate "2023.07.31"]
[SourceQuality "1"]

1. e4 e5 2. Nf3 Nc6 3. Bc4 Bc5 4. c3 Nf6 5. d4 exd4 6. cxd4 Bb4+ 7. Nc3 Bxc3+ 8. bxc3 d5 9. exd5 Nxd5 10. 0-0 0-0 11. Qc2 Bg4 12. Ng5 g6 13. Qe4 Nf6 14. Qe3 Re8 15. Qg3 Be6 16. Be2 Bd5 17. Bd3 Qd6 18. Bf4 Qd7 19. Be5 Nxe5 20. dxe5 Nh5 21. Qe3 f6 22. Nh3 Rxe5 23. Qh6 Qg7 24. Qxg7+ Kxg7 25. g4 Nf4 26. Nxf4 Bc6 27. Rfe1 Rg5 28. Ne6+ Kf7 29. Nxg5+ fxg5 30. Bc4+ Kg7 31. Re7+ Kh6 32. Rxc7 Bf3 33. h3 Rd8 34. Re1 b5 35. Bxb5 Rh8 36. Rxa7 Rc8 37. Ree7 Rh8 38. c4 Bd1 39. c5 Bf3 40. c6 Bd1 41. c7 Bxg4 42. hxg4 Rc8 43. Rxh7+ 1-0

[Event "AUT-ch U10"]
[Site "St Veit"]
[Date "2023.05.27"]
[Round "3"]
[White "Burger, Edgar"]
[Black "Altenbuchner, Johannes"]
[Result "0-1"]
[WhiteElo "1118"]
[BlackElo "888"]
[PlyCount "94"]
[EventDate "2023.05.27"]
[EventType "swiss"]
[EventRounds "7"]
[EventCountry "AUT"]
[SourceTitle "CBM 214 Extra"]
[Source "ChessBase"]
[SourceDate "2023.07.31"]
[SourceVersion "1"]
[SourceVersionDate "2023.07.31"]
[SourceQuality "1"]

1. e4 c5 2. Nf3 Nc6 3. d4 cxd4 4. Nxd4 Nf6 5. Nc3 g6 6. f3 Bg7 7. Be3 0-0 8. Qd2 d5 9. Nxc6 bxc6 10. 0-0-0 Re8 11. Bh6 Bh8 12. e5 Nd7 13. f4 e6 14. g4 Rb8 15. h4 Nf8 16. h5 Bd7 17. hxg6 Nxg6 18. Bg5 Qb6 19. Na4 Qb7 20. Bd3 c5 21. Bxg6 fxg6 22. Qh2 Bxa4 23. b3 Bc6 24. f5 exf5 25. gxf5 gxf5 26. Rde1 d4 27. e6 Bxh1 28. Rxh1 Rxe6 29. Bf4 Rbe8 30. Qh4 Qxh1+ 31. Qxh1 Re1+ 32. Qxe1 Rxe1+ 33. Kd2 Re4 34. Bc7 h5 35. Kd3 h4 36. c3 dxc3 37. Kc2 h3 38. Bh2 Re2+ 39. Kd3 Rxh2 40. Ke3 Rg2 41. Kf3 Rg4 42. Kf2 h2 43. Ke2 h1Q 44. Kf2 Qh2+ 45. Ke3 Qh3+ 46. Ke2 Rg2+ 47. Ke1 Qh1# 0-1

[Event "AUT-ch U10"]
[Site "St Veit"]
[Date "2022.06.04"]
[Round "3"]
[White "Halimi, Dorian"]
[Black "Altenbuchner, Johannes"]
[Result "1-0"]
[WhiteElo "923"]
[BlackElo "882"]
[PlyCount "147"]
[EventDate "2022.06.04"]
[EventType "swiss"]
[EventRounds "7"]
[EventCountry "AUT"]
[SourceTitle "EXT 2023"]
[Source "ChessBase"]
[SourceDate "2022.10.05"]
[SourceVersion "1"]
[SourceVersionDate "2022.10.05"]
[SourceQuality "1"]

1. e4 e5 2. Nf3 Nc6 3. Bc4 Bc5 4. 0-0 Nf6 5. Nc3 0-0 6. d3 h6 7. Bd2 d6 8. Qc1 Ng4 9. a3 Be6 10. Bxe6 fxe6 11. b4 Bd4 12. h3 Nf6 13. Ra2 Bxc3 14. Bxh6 gxh6 15. Qxh6 Nd4 16. Ng5 Ne2+ 17. Kh1 Bd2 18. c4 c5 19. Rxd2 Nd4 20. Qg6+ Kh8 21. Nf7+ Rxf7 22. Qxf7 d5 23. Qxb7 dxc4 24. dxc4 Qd7 25. Qxa8+ Kg7 26. bxc5 Nh5 27. c6 Qe7 28. g3 Qf7 29. f3 Nxg3+ 30. Kg2 Nxf1 31. Kxf1 Nxf3 32. Rf2 Nd2+ 33. Ke2 Qh5+ 34. Kxd2 Qh6+ 35. Kc3 Qe3+ 36. Kb4 Qxf2 37. c7 Qb6+ 38. Kc3 Qxc7 39. Qe8 Qa5+ 40. Kb2 Qb6+ 41. Qb5 Qf2+ 42. Kb3 Qe3+ 43. Ka4 Qxe4 44. Ka5 Qe1+ 45. Qb4 Qg3 46. Qe7+ Kg6 47. Qxe6+ Kh5 48. a4 Qc3+ 49. Kb5 Qb3+ 50. Kc5 Qa3+ 51. Kd5 Qd3+ 52. Kxe5 Qe3+ 53. Kf6 Qg5+ 54. Kf7 Qf4+ 55. Ke7 Qc7+ 56. Kf6 Qf4+ 57. Qf5+ Qxf5+ 58. Kxf5 Kh4 59. c5 Kxh3 60. c6 Kg3 61. c7 Kf3 62. c8Q Ke3 63. Qc4 a5 64. Qc5+ Kd3 65. Qxa5 Kc4 66. Qb5+ Kd4 67. a5 Ke3 68. a6 Kd4 69. a7 Ke3 70. a8Q Kd4 71. Qe4+ Kc3 72. Qbd3+ Kb2 73. Qee2+ Kc1 74. Qdd1# 1-0